| 000 | 00626nam a22002172 4500 | ||
|---|---|---|---|
| 001 | 0000020096 | ||
| 005 | 20151217152207.0 | ||
| 008 | 110701s xx 000 0 eng d | ||
| 020 | _a0721612296 : | ||
| 040 |
_aKABU _cKABU |
||
| 100 | 1 |
_aAsperheim, Mary A. _@0000180167 |
|
| 245 | 1 | 0 |
_aPharmacologic basis of patient care / _cMary A. Asperheim. |
| 250 | _a5th ed. | ||
| 260 |
_aLondon : _bW. B. Saunders, _c1985. |
||
| 300 | _axv, 604 p. | ||
| 650 | 0 |
_aPharmacology. _@0000155850 |
|
| 650 | 0 |
_aNursing. _@0000155852 |
|
| 852 | 1 | _9p500 KES | |
| 908 | _a110701 | ||
| 950 | _@1 | ||
| 999 |
_c9178 _d9178 |
||